एस एस सी संयुक्त स्नातक स्तर TIER परीक्षा प्रैक्टिस वर्क बुक (Record no. 65127)
[ view plain ]
| 000 -LEADER | |
|---|---|
| fixed length control field | 00377nam a2200097Ia 4500 |
| 008 - FIXED-LENGTH DATA ELEMENTS--GENERAL INFORMATION | |
| fixed length control field | 221009s9999 xx 000 0 und d |
| 082 ## - DEWEY DECIMAL CLASSIFICATION NUMBER | |
| Classification number | 001 |
| 245 #0 - TITLE STATEMENT | |
| Title | एस एस सी संयुक्त स्नातक स्तर TIER परीक्षा प्रैक्टिस वर्क बुक |
| 260 ## - PUBLICATION, DISTRIBUTION, ETC. (IMPRINT) | |
| Name of publisher, distributor, etc. | किरण प्रकाशन |
| 942 ## - ADDED ENTRY ELEMENTS (KOHA) | |
| Koha item type | Books |
No items available.









